| 000 | 00957nam0a22002771 4500 | ||
|---|---|---|---|
| 001 | v19\rc\1316465 | ||
| 005 | 20250618034310.0 | ||
| 035 | _a(NLR Aleph) 004472186 | ||
| 090 |
_a4566982 _c4566982 |
||
| 100 | _a20060512d1900 |||y0rusy50 ca | ||
| 101 | 0 | _arus | |
| 102 | _aRU | ||
| 105 | _aa j ||||| | ||
| 200 | 1 |
_aПосле азбуки _eТретья книга для классного и домашнего чтения _eТретий год обучения |
|
| 205 | _a2-е изд. | ||
| 210 |
_aСанкт-Петербург _c"Петерб. учеб. маг." _d1900 |
||
| 215 |
_a244 с. _cил. _d22 |
||
| 300 | _aПеред загл. авт.: Н.Я. Некрасов | ||
| 532 | 1 | 3 | _aПосле азбуки |
| 700 | 1 |
_aНекрасов _bН.Я. _f1857-1908 _gНиколай Яковлевич |
|
| 801 | 0 |
_aRU _bNLR _gpsbo |
|
| 801 | 1 |
_aRU _bProSoft-M _2rusmarc |
|
| 852 |
_aNLR _j18.295.7.5(3) |
||
| 942 | _cBOOK | ||
| 980 | _aNB | ||